|
|
|
|
| LEADER |
00000nta a2200000 i 4500 |
| 001 |
dolg8287 |
| 005 |
20180301164322.0 |
| 008 |
161209suuuu hu om 000 ger d |
| 040 |
|
|
|a BGE Dolgozattár Repozitórium
|b hun
|
| 041 |
|
|
|a de
|
| 100 |
1 |
|
|a Mikó Noémi
|
| 245 |
1 |
0 |
|a Reisegewohnheiten und Inlandstourismus in Ungarn Welchen Einfluss hatte die Einführung der SZÉP Karte auf die Berufstätigen in Ungarn?
|c Mikó Noémi
|h [elektronikus dokumentum]
|
| 695 |
|
|
|a Reisegewohnheiten
|
| 695 |
|
|
|a SZÉP Karte
|
| 700 |
1 |
|
|a Horváth Dr. Péter
|e ths
|
| 856 |
4 |
0 |
|u http://dolgozattar.uni-bge.hu/8287/1/Mik%C3%B3%20No%C3%A9mi%20v%C3%A9gleges%20szakdolgozat.pdf
|z Dokumentum-elérés
|